[Event "GBR-ch84 Major Open"]
[Site "Hove"]
[Date "1997.08.07"]
[Round "4"]
[White "Dickinson, Timothy R"]
[Black "Devereaux, Maxim L"]
[Result "1/2-1/2"]
[WhiteElo "2155"]
[BlackElo "2152"]
[PlyCount "50"]
[EventDate "1997.08.04"]
[EventType "swiss"]
[EventRounds "11"]
[EventCountry "GBR"]
[SourceTitle "BritBase"]
[Source "John Saunders"]
[SourceDate "2024.07.22"]
[SourceVersion "1"]
[SourceVersionDate "2024.07.22"]
[SourceQuality "1"]

1. d4 Nf6 2. c4 e6 3. Nc3 Bb4 4. e3 b6 5. Bd3 Bb7 6. Nf3 c5 7. O-O O-O 8. Qe2
Nc6 9. Ne4 cxd4 10. exd4 d5 11. Nxf6+ Qxf6 12. Rd1 h6 13. Bb1 Ne7 14. c5 bxc5
15. a3 Ba5 16. dxc5 Bc7 17. Re1 Rfd8 18. b4 d4 19. Bb2 Qf4 20. Be4 d3 21. Qe3
d2 22. Qxf4 dxe1=Q+ 23. Rxe1 Bxf4 24. Bxb7 Rab8 25. c6 Rxb7 1/2-1/2

[Event "GBR-ch84 Major Open"]
[Site "Hove"]
[Date "1997.08.07"]
[Round "4"]
[White "Kennaugh, Charles W"]
[Black "Debbage, Ian A"]
[Result "1-0"]
[WhiteElo "2300"]
[BlackElo "1992"]
[PlyCount "49"]
[EventDate "1997.08.04"]
[EventType "swiss"]
[EventRounds "11"]
[EventCountry "GBR"]
[SourceTitle "BritBase"]
[Source "John Saunders"]
[SourceDate "2024.07.22"]
[SourceVersion "1"]
[SourceVersionDate "2024.07.22"]
[SourceQuality "1"]

1. e4 e6 2. d4 d5 3. Nc3 Bb4 4. e5 c5 5. Bd2 Ne7 6. dxc5 Bxc5 7. Na4 Qc7 8.
Nxc5 Qxc5 9. Bd3 Nbc6 10. Nf3 Nb4 11. O-O Nxd3 12. cxd3 Bd7 13. Be3 Qb5 14. Nd4
Qa5 15. Qg4 Ng6 16. h4 O-O-O 17. Nb3 Nxe5 18. Qg3 Qc7 19. Bf4 f6 20. d4 g5 21.
hxg5 h6 22. Rac1 Bc6 23. gxf6 Rhg8 24. Qh3 Qf7 25. Bxe5 1-0

[Event "GBR-ch84 Major Open"]
[Site "Hove"]
[Date "1997.08.07"]
[Round "4"]
[White "Howell, Christopher I"]
[Black "Sheehan, Anthony"]
[Result "1-0"]
[WhiteElo "2175"]
[BlackElo "1960"]
[PlyCount "39"]
[EventDate "1997.08.04"]
[EventType "swiss"]
[EventRounds "11"]
[EventCountry "GBR"]
[SourceTitle "BritBase"]
[Source "John Saunders"]
[SourceDate "2024.07.22"]
[SourceVersion "1"]
[SourceVersionDate "2024.07.22"]
[SourceQuality "1"]

1. e4 e5 2. Nf3 d6 3. Nc3 Nf6 4. g3 Bg4 5. h3 Bh5 6. Bg2 Be7 7. d3 c6 8. O-O
Nbd7 9. g4 Bg6 10. Ne2 h5 11. Nh2 hxg4 12. hxg4 Rxh2 13. Kxh2 Nxg4+ 14. Kg1 Bh4
15. Ng3 Ndf6 16. Bh3 Nxf2 17. Kxf2 Nh5 18. Rg1 Nf4 19. Bg4 Qg5 20. Kf1 1-0

[Event "GBR-ch84 Major Open"]
[Site "Hove"]
[Date "1997.08.08"]
[Round "5"]
[White "Lewis, Andrew P"]
[Black "Dickinson, Timothy R"]
[Result "0-1"]
[WhiteElo "2296"]
[BlackElo "2155"]
[PlyCount "144"]
[EventDate "1997.08.04"]
[EventType "swiss"]
[EventRounds "11"]
[EventCountry "GBR"]
[SourceTitle "BritBase"]
[Source "John Saunders"]
[SourceDate "2024.07.22"]
[SourceVersion "1"]
[SourceVersionDate "2024.07.22"]
[SourceQuality "1"]

1. c4 e6 2. Nc3 Nf6 3. e4 d5 4. e5 d4 5. exf6 dxc3 6. bxc3 Qxf6 7. d4 b6 8. Be2
Bb7 9. Bf3 Bxf3 10. Nxf3 Bd6 11. Qa4+ c6 12. O-O O-O 13. Rb1 Qe7 14. c5 bxc5
15. dxc5 Bxc5 16. Rd1 Rd8 17. Rxd8+ Qxd8 18. Bg5 Qc8 19. Ne5 f6 20. Nd3 Bd6 21.
Be3 Nd7 22. Qc4 Nb6 23. Bxb6 Rb8 24. Re1 Rxb6 25. Rxe6 Kf8 26. g3 Qd7 27. Re1
Rb5 28. a4 Rh5 29. Qe4 Be5 30. Nf4 Rf5 31. Nd3 Bxc3 32. Rc1 Bd4 33. Rxc6 Rd5
34. Rc1 Bb6 35. Nf4 Re5 36. Qa8+ Re8 37. Qf3 Qxa4 38. Kg2 Qe4 39. Qxe4 Rxe4 40.
Rd1 Re7 41. h4 Kf7 42. Rd6 Bc7 43. Rc6 Bxf4 44. gxf4 Ke8 45. Ra6 Kd8 46. h5 h6
47. Kf3 Kc8 48. Kg4 Kb7 49. Ra1 a6 50. Kf5 Kb6 51. Kg6 a5 52. f5 Kb5 53. Rb1+
Kc4 54. Rc1+ Kb3 55. Rb1+ Kc3 56. Rc1+ Kb2 57. Rc8 Ra7 58. Rg8 a4 59. Rxg7
Rxg7+ 60. Kxg7 a3 61. Kxh6 a2 62. Kg7 a1=Q 63. h6 Qg1+ 64. Kf7 Qh2 65. Kg7 Qg2+
66. Kf7 Qh3 67. Kg7 Qxf5 68. h7 Qg5+ 69. Kf7 Qh6 70. Kg8 Qg6+ 71. Kh8 Qf7 72.
f3 Qf8# 0-1

[Event "GBR-ch84 Major Open"]
[Site "Hove"]
[Date "1997.08.08"]
[Round "5"]
[White "Pflug, Matthias"]
[Black "Dodgson, John A"]
[Result "1-0"]
[WhiteElo "2175"]
[BlackElo "2032"]
[PlyCount "87"]
[EventDate "1997.08.04"]
[EventType "swiss"]
[EventRounds "11"]
[EventCountry "GBR"]
[SourceTitle "BritBase"]
[Source "John Saunders"]
[SourceDate "2024.07.22"]
[SourceVersion "1"]
[SourceVersionDate "2024.07.22"]
[SourceQuality "1"]

1. e4 e6 2. d4 d5 3. Nc3 c5 4. exd5 exd5 5. dxc5 Nf6 6. Be3 Be7 7. Bb5+ Nc6 8.
Nge2 O-O 9. O-O Be6 10. Nd4 Nxd4 11. Bxd4 Qc7 12. b4 a5 13. a3 axb4 14. axb4
Rxa1 15. Qxa1 Qf4 16. Ne2 Qh4 17. f3 Nh5 18. Qe1 Qxe1 19. Rxe1 Ra8 20. g4 Bh4
21. Ra1 Rxa1+ 22. Bxa1 Nf6 23. Bc3 h5 24. h3 hxg4 25. hxg4 Kf8 26. Nf4 Bg5 27.
Be5 Ke7 28. Bd6+ Kd8 29. Kf2 Bd7 30. Bd3 Bh4+ 31. Ke2 g5 32. Ng2 d4 33. Bc4 Be6
34. Bxe6 fxe6 35. Be5 Nd5 36. b5 Nc3+ 37. Kd3 Nxb5 38. Nxh4 gxh4 39. Bf6+ Kd7
40. Bxh4 e5 41. Ke4 Ke6 42. Be1 Na7 43. Bg3 Nc6 44. g5 {Source: J A Dodgson.
Contributed by Brian Denman.} 1-0

[Event "GBR-ch84 Major Open"]
[Site "Hove"]
[Date "1997.08.08"]
[Round "5"]
[White "Chamberlain, Thomas"]
[Black "Stephenson, Frederick Norman"]
[Result "0-1"]
[WhiteElo "2075"]
[BlackElo "2190"]
[PlyCount "82"]
[EventDate "1997.08.04"]
[EventType "swiss"]
[EventRounds "11"]
[EventCountry "GBR"]
[SourceTitle "BritBase"]
[Source "John Saunders"]
[SourceDate "2024.07.22"]
[SourceVersion "1"]
[SourceVersionDate "2024.07.22"]
[SourceQuality "1"]

1. f4 d5 2. Nf3 Nf6 3. e3 Bg4 4. h3 Bxf3 5. Qxf3 Nbd7 6. Nc3 c6 7. d4 e6 8. Bd3
c5 9. b3 cxd4 10. exd4 Bb4 11. Bd2 Qa5 12. Nb1 Bxd2+ 13. Nxd2 Qc3 14. O-O $2
Qxd2 15. Rfc1 Qc3 16. Qe3 Ne4 17. Re1 O-O 18. Bxe4 Qxe3+ 19. Rxe3 dxe4 20. Rxe4
Nf6 21. Re5 Rfd8 22. Rd1 Rd5 23. c4 Rd7 24. f5 Rad8 25. fxe6 fxe6 26. Rxe6 Rxd4
27. Rde1 Rd1 28. Kh2 Rxe1 29. Rxe1 Rd2 30. Re7 Rd7 31. Re2 Kf7 32. g3 Re7 33.
Rf2 Re3 34. Kg2 Ke7 35. Rc2 Ne4 36. g4 Nc3 37. a3 Re2+ 38. Rxe2+ Nxe2 39. b4
Kd6 40. a4 Nf4+ 41. Kg3 Nd3 {Source: Norman Stephenson} 0-1

[Event "GBR-ch84 Major Open"]
[Site "Hove"]
[Date "1997.08.08"]
[Round "5"]
[White "Simons, Martin J"]
[Black "Rizouk, Ryad"]
[Result "1/2-1/2"]
[WhiteElo "2072"]
[BlackElo "2375"]
[PlyCount "79"]
[EventDate "1997.08.04"]
[EventType "swiss"]
[EventRounds "11"]
[EventCountry "GBR"]
[SourceTitle "BritBase"]
[Source "John Saunders"]
[SourceDate "2024.07.22"]
[SourceVersion "1"]
[SourceVersionDate "2024.07.22"]
[SourceQuality "1"]

1. e4 e5 2. Nf3 Nc6 3. Bb5 Nd4 4. Nxd4 exd4 5. O-O c6 6. Ba4 Nf6 7. d3 d5 8.
Bg5 dxe4 9. dxe4 Be7 10. e5 Nd5 11. Bxe7 Nxe7 12. Bb3 O-O 13. Nd2 c5 14. Qe2
Rb8 15. a4 a6 16. Bc4 Bf5 17. Nb3 b5 18. axb5 axb5 19. Bd3 Bxd3 20. cxd3 Qd5
21. Nd2 Ng6 22. f4 f6 23. Qe4 Qxe4 24. Nxe4 fxe5 25. fxe5 Rxf1+ 26. Kxf1 c4 27.
e6 Rf8+ 28. Kg1 Re8 29. dxc4 Rxe6 30. Ra8+ Nf8 31. Nc5 Rd6 32. cxb5 d3 33. Ra1
Ng6 34. Rd1 Ne5 35. Kf2 Rd5 36. b4 Rd4 37. b6 Rxb4 38. b7 Kf7 39. Ke3 Ke7 40.
Nxd3 1/2-1/2

[Event "GBR-ch84 Major Open"]
[Site "Hove"]
[Date "1997.08.08"]
[Round "5"]
[White "Taylor, Peter P"]
[Black "Ogunshola, Ben"]
[Result "0-1"]
[WhiteElo "2210"]
[BlackElo "2140"]
[PlyCount "80"]
[EventDate "1997.08.04"]
[EventType "swiss"]
[EventRounds "11"]
[EventCountry "GBR"]
[SourceTitle "BritBase"]
[Source "John Saunders"]
[SourceDate "2024.07.22"]
[SourceVersion "1"]
[SourceVersionDate "2024.07.22"]
[SourceQuality "1"]

1. e4 d6 2. d4 g6 3. c4 Bg7 4. Nc3 Nc6 5. Be3 e5 6. d5 Nd4 7. Nge2 Bg4 8. f3
Nxe2 9. Bxe2 Bd7 10. Qd2 Bh6 11. O-O-O Qh4 12. g3 Bxe3 13. Qxe3 Qh6 14. f4 Nf6
15. Bd3 O-O 16. Qd2 Rae8 17. Rde1 exf4 18. gxf4 Nh5 19. Rhf1 Re7 20. Be2 Rfe8
21. Bxh5 Qxh5 22. Qf2 f5 23. exf5 Bxf5 24. Rxe7 Rxe7 25. Re1 Rxe1+ 26. Qxe1 Kf7
27. Qf2 Qh3 28. c5 Qd3 29. cxd6 cxd6 30. Qe2 Qd4 31. Qf1 Qe3+ 32. Kd1 Bd3 33.
Qg2 b5 34. Qg3 Qd4 35. a3 a5 36. Qh4 h5 37. Qd8 Bf5+ 38. Ke2 Bg4+ 39. Ke1 Qe3+
40. Kf1 Bh3# 0-1

[Event "GBR-ch84 Major Open"]
[Site "Hove"]
[Date "1997.08.08"]
[Round "5"]
[White "Almond, Richard JA"]
[Black "Garnett, John S"]
[Result "1-0"]
[WhiteElo "2125"]
[BlackElo "1808"]
[PlyCount "75"]
[EventDate "1997.08.04"]
[EventType "swiss"]
[EventRounds "11"]
[EventCountry "GBR"]
[SourceTitle "BritBase"]
[Source "John Saunders"]
[SourceDate "2024.07.22"]
[SourceVersion "1"]
[SourceVersionDate "2024.07.22"]
[SourceQuality "1"]

1. d4 c5 2. d5 b5 3. e4 a6 4. f4 d6 5. Nf3 Nf6 6. Nbd2 e6 7. dxe6 Bxe6 8. Be2
Qb6 9. Ng5 Nc6 10. c3 Bd7 11. Qb3 d5 12. exd5 Na5 13. Qc2 h6 14. Ngf3 Nxd5 15.
Qe4+ Qe6 16. Ne5 Nc6 17. Bg4 f5 18. Bh5+ Kd8 19. Nf7+ Kc7 20. Qxe6 Bxe6 21.
Nxh8 Nxf4 22. Bf7 Bxf7 23. Nxf7 Re8+ 24. Kf1 Re7 25. Nf3 Nd3 26. Nh8 Re6 27. b3
g5 28. Bd2 Bg7 29. Nf7 b4 30. Rd1 g4 31. Ne1 Nb2 32. Rc1 Rf6 33. Bf4+ Kb6 34.
Ne5 bxc3 35. Nd7+ Kb5 36. Rxc3 Rf7 37. Rxc5+ Kb4 38. Nc2# 1-0

[Event "GBR-ch84 Major Open"]
[Site "Hove"]
[Date "1997.08.08"]
[Round "5"]
[White "Macdonald-Ross, Michael"]
[Black "Rutter, Nicholas J"]
[Result "1/2-1/2"]
[WhiteElo "2175"]
[BlackElo "2096"]
[PlyCount "76"]
[EventDate "1997.08.04"]
[EventType "swiss"]
[EventRounds "11"]
[EventCountry "GBR"]
[SourceTitle "BritBase"]
[Source "John Saunders"]
[SourceDate "2024.07.22"]
[SourceVersion "1"]
[SourceVersionDate "2024.07.22"]
[SourceQuality "1"]

1. d4 d5 2. Nf3 c6 3. c4 e6 4. e3 Nf6 5. Nbd2 Nbd7 6. Bd3 Bd6 7. O-O O-O 8. e4
dxe4 9. Nxe4 Nxe4 10. Bxe4 f5 11. Bc2 e5 12. c5 Be7 13. Nxe5 Nxe5 14. dxe5 Be6
15. Bb3 Qc8 16. Qc2 Kh8 17. f4 Bxb3 18. axb3 Qe6 19. Be3 Rfd8 20. Rad1 a6 21.
Kf2 Rxd1 22. Rxd1 Rd8 23. Rxd8+ Bxd8 24. Qc4 Qxc4 25. bxc4 Kg8 26. g4 g6 27. g5
Kf7 28. Ke2 Ke6 29. Kd3 Bc7 30. Bd4 Ba5 31. Bc3 Bc7 32. Kc2 Bd8 33. Kb3 Bc7 34.
Ka4 Bb8 35. Kb3 Bc7 36. Kc2 Bd8 37. Kd3 Bc7 38. b4 Bd8 1/2-1/2

[Event "GBR-ch84 Major Open"]
[Site "Hove"]
[Date "1997.08.08"]
[Round "5"]
[White "Hebbes, Tim"]
[Black "Essen, Sam"]
[Result "1-0"]
[WhiteElo "1992"]
[BlackElo "1736"]
[PlyCount "71"]
[EventDate "1997.08.04"]
[EventType "swiss"]
[EventRounds "11"]
[EventCountry "GBR"]
[SourceTitle "BritBase"]
[Source "John Saunders"]
[SourceDate "2024.07.22"]
[SourceVersion "1"]
[SourceVersionDate "2024.07.22"]
[SourceQuality "1"]

1. e4 d6 2. d4 Nf6 3. Nc3 g6 4. f4 Bg7 5. Nf3 O-O 6. Be2 Nbd7 7. O-O c5 8. d5
a6 9. a4 b6 10. h3 Qc7 11. Be3 e6 12. dxe6 fxe6 13. Ng5 Nb8 14. Bc4 Qe7 15. e5
Ne8 16. Nd5 Qd8 17. f5 Rxf5 18. Rxf5 gxf5 19. Qh5 Nc6 20. Rf1 Nxe5 21. Rxf5
exf5 22. Nf6+ Kf8 23. Nxe8 Qxe8 24. Nxh7+ Ke7 25. Qg5+ Kd7 26. Qxg7+ Qe7 27.
Nf6+ Kd8 28. Qg8+ Kc7 29. Nd5+ Kd7 30. Nxe7 Nxc4 31. Nxf5 Nxe3 32. Qf7+ Kc6 33.
Nxe3 Rb8 34. Qd5+ Kc7 35. Nc4 Bd7 36. Qxd6+ 1-0

[Event "GBR-ch84 Major Open"]
[Site "Hove"]
[Date "1997.08.08"]
[Round "5"]
[White "Devereaux, Maxim L"]
[Black "Donovan, Nigel P"]
[Result "1-0"]
[WhiteElo "2152"]
[BlackElo "2125"]
[PlyCount "69"]
[EventDate "1997.08.04"]
[EventType "swiss"]
[EventRounds "11"]
[EventCountry "GBR"]
[SourceTitle "BritBase"]
[Source "John Saunders"]
[SourceDate "2024.07.22"]
[SourceVersion "1"]
[SourceVersionDate "2024.07.22"]
[SourceQuality "1"]

1. e4 c5 2. c3 Nf6 3. e5 Nd5 4. d4 cxd4 5. Nf3 e6 6. cxd4 b6 7. Nc3 Nxc3 8.
bxc3 Qc7 9. Bd2 Bb7 10. Bd3 d6 11. O-O Nd7 12. Re1 dxe5 13. Nxe5 Nxe5 14. Rxe5
Bd6 15. Rh5 g6 16. Rh3 O-O 17. Qe1 Rac8 18. Qe3 Rfe8 19. Bb5 Re7 20. Re1 e5 21.
Qh6 f5 22. Bg5 Rf7 23. dxe5 Bxe5 24. Rhe3 Bg7 25. Qh4 Qc5 26. Be8 Rf8 27. Bd7
Bxc3 28. Be6+ Kg7 29. Rc1 Qc6 30. Qh3 Bd2 31. Bh6+ Kh8 32. Rxc6 Rxc6 33. Re1
Bxe1 34. Qe3 Re8 35. Qe5# 1-0

[Event "GBR-ch84 Major Open"]
[Site "Hove"]
[Date "1997.08.08"]
[Round "5"]
[White "Toll, Alec J"]
[Black "Alston, Joanne A"]
[Result "1-0"]
[WhiteElo "1944"]
[BlackElo "1784"]
[PlyCount "60"]
[EventDate "1997.08.04"]
[EventType "swiss"]
[EventRounds "11"]
[EventCountry "GBR"]
[SourceTitle "BritBase"]
[Source "John Saunders"]
[SourceDate "2024.07.22"]
[SourceVersion "1"]
[SourceVersionDate "2024.07.22"]
[SourceQuality "1"]

1. d4 Nf6 2. Bg5 e6 3. e4 c5 4. e5 h6 5. Bc1 Nd5 6. c4 Nb6 7. d5 d6 8. exd6
Bxd6 9. Bd3 O-O 10. Nc3 exd5 11. cxd5 Re8+ 12. Nge2 N8d7 13. Be3 Nf6 14. Qd2
Ng4 15. O-O-O Ne5 16. h3 Nbc4 17. Bxc4 Nxc4 18. Qd3 Nxe3 19. fxe3 f5 20. Nf4
Qg5 21. Rhf1 c4 22. Qd2 Kh7 23. Nb5 Bc5 24. Nd4 Re4 25. Rde1 Bxd4 26. exd4 Bd7
27. Ne6 Rxe1+ 28. Rxe1 Qxd2+ 29. Kxd2 Kg6 30. Nc5 Kf6 1-0

[Event "GBR-ch84 Major Open"]
[Site "Hove"]
[Date "1997.08.08"]
[Round "5"]
[White "Wise, David"]
[Black "Jones, Richard"]
[Result "0-1"]
[WhiteElo "2195"]
[BlackElo "2050"]
[PlyCount "60"]
[EventDate "1997.08.04"]
[EventType "swiss"]
[EventRounds "11"]
[EventCountry "GBR"]
[SourceTitle "BritBase"]
[Source "John Saunders"]
[SourceDate "2024.07.22"]
[SourceVersion "1"]
[SourceVersionDate "2024.07.22"]
[SourceQuality "1"]

1. d4 Nf6 2. c4 e6 3. Nc3 Bb4 4. e3 c5 5. a3 Bxc3+ 6. bxc3 b6 7. Bd3 Bb7 8. f3
Nc6 9. Ne2 O-O 10. O-O Ne8 11. e4 d6 12. f4 f5 13. Ng3 cxd4 14. exf5 exf5 15.
cxd4 d5 16. Nxf5 dxc4 17. Bxc4+ Kh8 18. Ne3 Na5 19. Ba2 Qd6 20. Qd3 Rxf4 21.
Rxf4 Qxf4 22. d5 Nf6 23. Nc4 Qh4 24. g3 Qh5 25. Nxa5 bxa5 26. Bb2 Nxd5 27. Rd1
Nf6 28. Re1 Qc5+ 29. Qd4 Qc6 30. Kf2 Qf3+ 0-1

[Event "GBR-ch84 Major Open"]
[Site "Hove"]
[Date "1997.08.08"]
[Round "5"]
[White "Parker, Robert"]
[Black "Duggan, Michael FG"]
[Result "1-0"]
[WhiteElo "2125"]
[BlackElo "2025"]
[PlyCount "57"]
[EventDate "1997.08.04"]
[EventType "swiss"]
[EventRounds "11"]
[EventCountry "GBR"]
[SourceTitle "BritBase"]
[Source "John Saunders"]
[SourceDate "2024.07.22"]
[SourceVersion "1"]
[SourceVersionDate "2024.07.22"]
[SourceQuality "1"]

1. d4 Nf6 2. c4 e5 3. dxe5 Ng4 4. Bf4 Nc6 5. Nf3 Bb4+ 6. Nc3 Qe7 7. Qd5 Bxc3+
8. bxc3 Qa3 9. Rc1 f6 10. exf6 Nxf6 11. Qd2 O-O 12. e3 Ne4 13. Qc2 Qe7 14. Be2
d6 15. O-O Bf5 16. Bd3 g6 17. g4 Bxg4 18. Bxe4 Bxf3 19. Bxf3 g5 20. Bd5+ Kh8
21. Bg3 h5 22. Qg6 h4 23. Qh6+ Qh7 24. Qxg5 hxg3 25. fxg3 Ne5 26. Rf4 Rxf4 27.
exf4 Nd3 28. Qf6+ Qg7 29. Qh4+ 1-0

[Event "GBR-ch84 Major Open"]
[Site "Hove"]
[Date "1997.08.08"]
[Round "5"]
[White "Raoof, Adam N"]
[Black "Kennaugh, Charles W"]
[Result "1-0"]
[WhiteElo "2070"]
[BlackElo "2300"]
[PlyCount "57"]
[EventDate "1997.08.04"]
[EventType "swiss"]
[EventRounds "11"]
[EventCountry "GBR"]
[SourceTitle "BritBase"]
[Source "John Saunders"]
[SourceDate "2024.07.22"]
[SourceVersion "1"]
[SourceVersionDate "2024.07.22"]
[SourceQuality "1"]

1. d4 d5 2. c4 c6 3. Nf3 e6 4. e3 Bd6 5. Nc3 f5 6. Ne5 Nf6 7. f4 O-O 8. Be2
Nbd7 9. O-O Ne4 10. Nxe4 fxe4 11. Bd2 Qe7 12. Rb1 g5 13. b4 gxf4 14. exf4 a6
15. c5 Bxe5 16. fxe5 Rxf1+ 17. Bxf1 Nf8 18. Rb3 Ng6 19. Rg3 Qf7 20. h4 Kf8 21.
Bh6+ Ke8 22. h5 Nf4 23. Rg7 Qxh5 24. Qxh5+ Nxh5 25. Rg5 Kf7 26. Rxh5 Kg6 27.
Rg5+ Kxh6 28. Rg8 a5 29. Be2 1-0

[Event "GBR-ch84 Major Open"]
[Site "Hove"]
[Date "1997.08.08"]
[Round "5"]
[White "Crickmore, Neil EG"]
[Black "Costley, Martin Owen"]
[Result "0-1"]
[WhiteElo "2168"]
[BlackElo "2008"]
[PlyCount "56"]
[EventDate "1997.08.04"]
[EventType "swiss"]
[EventRounds "11"]
[EventCountry "GBR"]
[SourceTitle "BritBase"]
[Source "John Saunders"]
[SourceDate "2024.07.22"]
[SourceVersion "1"]
[SourceVersionDate "2024.07.22"]
[SourceQuality "1"]

1. d4 Nf6 2. c4 c5 3. d5 g6 4. Nc3 d6 5. e4 Bg7 6. f4 O-O 7. Be2 e6 8. Nf3 exd5
9. e5 Ne4 10. cxd5 Nxc3 11. bxc3 Nd7 12. e6 fxe6 13. dxe6 Nf6 14. Ng5 Qe7 15.
f5 gxf5 16. O-O Bxe6 17. Bd3 Ne4 18. Qh5 Nxg5 19. Bxg5 Qf7 20. Qh4 Bxc3 21. Be7
Bxa1 22. Rxa1 Qg7 23. Re1 Bd5 24. Qh3 Rae8 25. Bxf8 Qd4+ 26. Kf1 Qf4+ 27. Qf3
Rxe1+ 28. Kxe1 Bxf3 0-1

[Event "GBR-ch84 Major Open"]
[Site "Hove"]
[Date "1997.08.08"]
[Round "5"]
[White "Mason, Donald J"]
[Black "Dyce, Andrew N"]
[Result "1/2-1/2"]
[WhiteElo "2285"]
[BlackElo "2150"]
[PlyCount "35"]
[EventDate "1997.08.04"]
[EventType "swiss"]
[EventRounds "11"]
[EventCountry "GBR"]
[SourceTitle "BritBase"]
[Source "John Saunders"]
[SourceDate "2024.07.22"]
[SourceVersion "1"]
[SourceVersionDate "2024.07.22"]
[SourceQuality "1"]

1. e4 g6 2. Nc3 Nf6 3. d4 d5 4. e5 Nh5 5. Be2 Ng7 6. f4 h5 7. Nf3 e6 8. Be3 Nd7
9. Qd2 Be7 10. g3 a6 11. O-O-O b5 12. Bd3 c5 13. dxc5 Nxc5 14. Nd4 Bd7 15. Kb1
Qc7 16. h3 O-O-O 17. g4 Kb7 18. Rc1 1/2-1/2

[Event "GBR-ch84 Major Open"]
[Site "Hove"]
[Date "1997.08.08"]
[Round "5"]
[White "Beckett, Christopher J"]
[Black "Alfred, Nathan SW"]
[Result "1/2-1/2"]
[WhiteElo "2176"]
[BlackElo "2165"]
[PlyCount "27"]
[EventDate "1997.08.04"]
[EventType "swiss"]
[EventRounds "11"]
[EventCountry "GBR"]
[SourceTitle "BritBase"]
[Source "John Saunders"]
[SourceDate "2024.07.22"]
[SourceVersion "1"]
[SourceVersionDate "2024.07.22"]
[SourceQuality "1"]

1. d4 Nf6 2. c4 g6 3. Nc3 Bg7 4. e4 d6 5. f3 O-O 6. Bg5 a6 7. Qd2 c5 8. d5 b5
9. cxb5 Nbd7 10. Nh3 Qa5 11. a4 Nb6 12. Nf2 axb5 13. Bxb5 Ba6 14. Rc1 1/2-1/2

[Event "GBR-ch84 Major Open"]
[Site "Hove"]
[Date "1997.08.08"]
[Round "5"]
[White "Hodge, David J"]
[Black "Tebb, David J"]
[Result "1/2-1/2"]
[WhiteElo "2140"]
[BlackElo "2280"]
[PlyCount "27"]
[EventDate "1997.08.04"]
[EventType "swiss"]
[EventRounds "11"]
[EventCountry "GBR"]
[SourceTitle "BritBase"]
[Source "John Saunders"]
[SourceDate "2024.07.22"]
[SourceVersion "1"]
[SourceVersionDate "2024.07.22"]
[SourceQuality "1"]

1. e4 c5 2. c3 Nf6 3. e5 Nd5 4. d4 cxd4 5. cxd4 e6 6. Nc3 Nxc3 7. bxc3 d6 8. f4
dxe5 9. fxe5 Qh4+ 10. g3 Qe4+ 11. Kf2 Be7 12. Nf3 Qc6 13. Bg5 f6 14. Qb3
1/2-1/2

[Event "GBR-ch84 Major Open"]
[Site "Hove"]
[Date "1997.08.09"]
[Round "6"]
[White "Shah, Arpi"]
[Black "Lewis, Andrew P"]
[Result "0-1"]
[WhiteElo "2050"]
[BlackElo "2296"]
[PlyCount "126"]
[EventDate "1997.08.04"]
[EventType "swiss"]
[EventRounds "11"]
[EventCountry "GBR"]
[SourceTitle "BritBase"]
[Source "John Saunders"]
[SourceDate "2024.07.22"]
[SourceVersion "1"]
[SourceVersionDate "2024.07.22"]
[SourceQuality "1"]

1. e4 c5 2. Nc3 Nc6 3. g3 g6 4. Bg2 Bg7 5. d3 d6 6. Be3 Rb8 7. Qd2 b5 8. a3 a5
9. Nge2 Nd4 10. O-O b4 11. axb4 axb4 12. Bxd4 cxd4 13. Nd5 b3 14. cxb3 e6 15.
Nb4 Qb6 16. Rfc1 Ne7 17. Nc2 O-O 18. Ra3 Bb7 19. Qb4 Qxb4 20. Nxb4 Bxe4 21.
Bxe4 Rxb4 22. Rc7 Bf6 23. Nc1 d5 24. Bg2 Rbb8 25. Raa7 Rfc8 26. Kf1 Nf5 27. Ke2
Bg5 28. Kd1 h5 29. Bh3 Nd6 30. Ne2 Rxc7 31. Rxc7 Nb5 32. Rc5 Kf8 33. Kc2 Ke8
34. Kb1 Be7 35. Rc6 Kd7 36. Ra6 Bd6 37. Ng1 Be5 38. Nf3 Bf6 39. Nd2 Ke7 40. Rc6
Rb7 41. Kc2 Kd7 42. Ra6 Na7 43. Nb1 Nc6 44. Ra4 Nb4+ 45. Kd2 Bg5+ 46. f4 Be7
47. Na3 Nc6 48. Kc2 Bb4 49. Kd1 Ba5 50. Kc2 Be1 51. Bf1 Bf2 52. Nb1 Bg1 53. h3
Bh2 54. g4 hxg4 55. hxg4 Bxf4 56. Be2 Be3 57. Ra8 Nb4+ 58. Kd1 Rc7 59. Nd2 Rc2
60. Ra7+ Ke8 61. Ra8+ Ke7 62. Ra7+ Kf8 63. Ra8+ Kg7 0-1

[Event "GBR-ch84 Major Open"]
[Site "Hove"]
[Date "1997.08.09"]
[Round "6"]
[White "Moskovic, David M"]
[Black "Devereaux, Maxim L"]
[Result "1-0"]
[WhiteElo "2180"]
[BlackElo "2152"]
[PlyCount "111"]
[EventDate "1997.08.04"]
[EventType "swiss"]
[EventRounds "11"]
[EventCountry "GBR"]
[SourceTitle "BritBase"]
[Source "John Saunders"]
[SourceDate "2024.07.22"]
[SourceVersion "1"]
[SourceVersionDate "2024.07.22"]
[SourceQuality "1"]

1. e4 c5 2. Nf3 Nc6 3. d4 cxd4 4. Nxd4 Nf6 5. Nc3 e5 6. Ndb5 d6 7. Bg5 a6 8.
Na3 b5 9. Bxf6 gxf6 10. Nd5 f5 11. Bd3 Be6 12. O-O Bg7 13. Qh5 f4 14. c4 bxc4
15. Bxc4 O-O 16. Rac1 Rb8 17. b3 Kh8 18. Nxf4 exf4 19. Bxe6 Ne5 20. Bf5 h6 21.
Nc4 Nxc4 22. Rxc4 Rb6 23. Rfc1 Qf6 24. h3 Qg5 25. Qxg5 hxg5 26. Rc6 Bd4 27.
Rxb6 Bxb6 28. Rc6 Rb8 29. Rxd6 Kg7 30. Kf1 a5 31. Ke2 Bc5 32. Rd5 Bb4 33. Bd7
Kg6 34. Bb5 Rc8 35. Bc4 Rc5 36. Kd3 Rxd5+ 37. Bxd5 Kf6 38. Kd4 Bd6 39. f3 Be5+
40. Kc4 Bd6 41. Kb5 Bb4 42. a3 Be1 43. b4 axb4 44. a4 Ke5 45. a5 f6 46. a6 Bf2
47. Kc6 Be3 48. Kb7 Bc5 49. a7 Bxa7 50. Kxa7 Kd4 51. Kb6 Ke3 52. Kc5 Kf2 53.
Kxb4 Kxg2 54. Kc5 Kxh3 55. Be6+ Kg3 56. Bg4 1-0